000 00717nam a2200253Ia 4500
003 OSt
005 20221006152533.0
006 a|||||r|||| 00| 0
007 ta
008 221006b |||||||| |||| 00| 0 eng d
020 _c
_13.95
024 _a28,653
037 _cTextual
040 _aEASL
_cEASL
_beng
041 _2eng
_aeng
082 _aV41:19.N90, N8
100 _aNATHAN Andrew J
_9597841
245 0 _aGreat wall and the empty fortress
_b China's search for security
260 _aNew York
_bW.W. Norton
_c1997
300 _a268p.
_ccm.
700 _a ROSS Robert S
_9116369
942 _hV41:19.N90, N8
_cTEXL
_2CC
999 _c1096739
_d1096739